Steuerhinterziehung durch Unterlassen
| 1. VerfasserIn: | |
|---|---|
| Medienart: | Druck Buch |
| Sprache: | Deutsch |
| Veröffentlicht: |
Frankfurt am Main [u.a.]
Lang
1996
|
| In: |
Criminalia (11)
Jahr: 1996 |
| Online-Zugang: |
Inhaltsverzeichnis Inhaltsverzeichnis |
| Verfügbarkeit prüfen: | HBZ Gateway |
| Subito Bestelldienst: | Jetzt bestellen. |
| Schlagwörter: |
MARC
| LEADER | 00000cam a2200000 c 4500 | ||
|---|---|---|---|
| 001 | 193342464 | ||
| 003 | DE-627 | ||
| 005 | 20260206202811.0 | ||
| 007 | tu | ||
| 008 | 960226s1996 gw ||||| m 00| ||ger c | ||
| 015 | |a 96,N10,0215 |2 dnb | ||
| 015 | |a 96,H08,0316 |2 dnb | ||
| 016 | 7 | |a 946735921 |2 DE-101 | |
| 020 | |a 3631301405 |c : ca. DM 65.00 (kart., freier Pr.) |9 3-631-30140-5 | ||
| 035 | |a (DE-627)193342464 | ||
| 035 | |a (DE-603)046556990 | ||
| 035 | |a (DE-576)050879235 | ||
| 035 | |a (DE-599)GBV193342464 | ||
| 035 | |a (OCoLC)845115234 | ||
| 035 | |a (OCoLC)38855807 | ||
| 040 | |a DE-627 |b ger |c DE-627 |e rakwb | ||
| 041 | |a ger | ||
| 044 | |c XA-DE |c XA-CH |c XD-US | ||
| 082 | 0 | |a 345.43/0233 | |
| 082 | 0 | |a 345.430233 |q LoC |2 DDC21oclc | |
| 084 | |a 19 |2 sdnb | ||
| 084 | |a 19 |a 17 |2 sdnb | ||
| 084 | |a PP 3485 |2 rvk |0 (DE-625)rvk/138498:283 | ||
| 084 | |a PH 4120 |2 rvk |0 (DE-625)rvk/136113: | ||
| 084 | |a PP 3355 |2 rvk |0 (DE-625)rvk/138489:283 | ||
| 084 | |a 86.73 |2 bkl | ||
| 084 | |a 86.38 |2 bkl | ||
| 100 | 1 | |a Grunst, Bettina |d 1969-2006 |0 (DE-588)1145954510 |0 (DE-627)1005766266 |0 (DE-576)175096651 |4 aut | |
| 109 | |a Grunst, Bettina 1969-2006 | ||
| 245 | 1 | 0 | |a Steuerhinterziehung durch Unterlassen |c Bettina Grunst |
| 263 | |a brosch. : ca. DM 65.00 (freier Pr.) | ||
| 264 | 1 | |a Frankfurt am Main [u.a.] |b Lang |c 1996 | |
| 300 | |a 220 S. |c 21 cm | ||
| 336 | |a Text |b txt |2 rdacontent | ||
| 337 | |a ohne Hilfsmittel zu benutzen |b n |2 rdamedia | ||
| 338 | |a Band |b nc |2 rdacarrier | ||
| 490 | 1 | |a Criminalia |v 11 | |
| 502 | |a Zugl.: München, Univ., Diss., 1995 | ||
| 505 | 8 | |a Literaturverz. S. 203 - 220 | |
| 583 | 1 | |a Archivierung prüfen |c 20240324 |f DE-4165 |z 3 |2 pdager | |
| 650 | 4 | |a Abgabenordnung, Stellung, Anzeigepflicht | |
| 655 | 7 | |a Hochschulschrift |0 (DE-588)4113937-9 |0 (DE-627)105825778 |0 (DE-576)209480580 |2 gnd-content | |
| 689 | 0 | 0 | |d s |0 (DE-588)4057439-8 |0 (DE-627)106150952 |0 (DE-576)209122021 |a Steuerhinterziehung |2 gnd |
| 689 | 0 | 1 | |d s |0 (DE-588)4186842-0 |0 (DE-627)105276545 |0 (DE-576)210041870 |a Unechtes Unterlassungsdelikt |2 gnd |
| 689 | 0 | 2 | |d s |0 (DE-588)4019255-6 |0 (DE-627)106322052 |0 (DE-576)208928707 |a Garantenstellung |2 gnd |
| 689 | 0 | |5 DE-101 | |
| 751 | |a München |0 (DE-588)4127793-4 |0 (DE-627)105722073 |0 (DE-576)209596570 |4 uvp | ||
| 830 | 0 | |a Criminalia |v 11 |9 1100 |w (DE-627)371280036 |w (DE-576)040559181 |w (DE-600)2122139-X |x 0945-1811 |7 am | |
| 856 | 4 | 2 | |u http://www.gbv.de/dms/hbz/toc/ht007337396.pdf |m V:DE-605 |q pdf/application |v 2008-11-15 |x Verlag |y Inhaltsverzeichnis |3 Inhaltsverzeichnis |7 1 |
| 856 | 4 | 2 | |u http://scans.hebis.de/HEBCGI/show.pl?04655699_toc.pdf |m V:DE-603;B:DE-17 |q application/pdf |3 Inhaltsverzeichnis |7 1 |
| 935 | |i Blocktest | ||
| 935 | |h HEB |i 0501 | ||
| 935 | |h HEB |i 0503 | ||
| 936 | r | v | |a PP 3485 |b Monographien |k Rechtswissenschaft |k Finanz-, Steuer- und Zollrecht |k Steuerrecht |k Steuerliches Verfahrensrecht |k Abgabenordnung |k Steuerschuldrecht (§§ 33 - 77) |k Haftung (§§ 69 - 77) |k Monographien |0 (DE-627)1399051792 |0 (DE-625)rvk/138498:283 |0 (DE-576)329051792 |
| 936 | r | v | |a PH 4120 |b Einzeldarstellungen |k Rechtswissenschaft |k Strafrecht, Strafverfahrensrecht, Kriminologie |k Nebenstrafrecht |k Finanz- und Steuerstrafrecht |k Einzeldarstellungen |0 (DE-627)1271677121 |0 (DE-625)rvk/136113: |0 (DE-576)201677121 |
| 936 | r | v | |a PP 3355 |b Monographien |k Rechtswissenschaft |k Finanz-, Steuer- und Zollrecht |k Steuerrecht |k Steuerliches Verfahrensrecht |k Allgemeines zum Steuerverfahrensrecht |k Übergreifende Darstellungen zu AO, FGO, StAnpG und Nebengesetzen |k Monographien |0 (DE-627)1271343231 |0 (DE-625)rvk/138489:283 |0 (DE-576)201343231 |
| 936 | b | k | |a 86.73 |j Steuerrecht |0 (DE-627)106413287 |
| 936 | b | k | |a 86.38 |j Nebenstrafrecht |0 (DE-627)106412752 |
| 936 | s | n | |a p100 |2 mzub |
| 936 | s | n | |a q100 |2 mzub |
| 951 | |a BO | ||
| ELC | |b 1 | ||
| LOK | |0 000 xxxxxcx a22 zn 4500 | ||
| LOK | |0 001 3108530763 | ||
| LOK | |0 003 DE-627 | ||
| LOK | |0 004 193342464 | ||
| LOK | |0 005 20151116135408 | ||
| LOK | |0 008 150728||||||||||||||||ger||||||| | ||
| LOK | |0 035 |a (DE-21-110)kd27738 | ||
| LOK | |0 040 |a DE-21-110 |c DE-627 |d DE-21-110 | ||
| LOK | |0 689 |a s |a Steuerhinterziehung | ||
| LOK | |0 852 |z Kein Bestand am IfK; Nachweis für KrimDok | ||
| LOK | |0 852 |a DE-21-110 | ||
| LOK | |0 852 1 |9 00 | ||
| LOK | |0 935 |a k110 | ||
| LOK | |0 939 |a 28-07-15 |b l01 | ||
| ORI | |a SA-MARC-krimdoka001.raw | ||
